Engines of Discovery. A Century of Particle Accelerators

Na minha lista:
Detalhes bibliográficos
Main Authors: Sessler, Andrew (Author), Wilson, Edmund (Author)
Formato: Livro
Idioma:inglês
Publicado em: London : World Scientific, 2014
Edição:Revised and Expanded Edition
Assuntos:
Tags: Adicionar Tag
Sem tags, seja o primeiro a adicionar uma tag!

MARC

LEADER 00000nam a22000003a 4500
001 stu289652
005 20150617230301.4
008 140520s--------uk------------------eng-d
020 |a 978-981-4417-19-8 
040 |a STU  |b slo 
041 0 |a eng 
044 |a uk 
080 |a 539.1 
080 |a 531.114 
100 1 |a Sessler, Andrew  |4 aut 
245 1 |a Engines of Discovery. A Century of Particle Accelerators 
250 |a Revised and Expanded Edition 
260 |a London :  |b World Scientific,  |c 2014 
300 |a 264 s 
650 7 |a atómová energetika  |2 stusub 
650 7 |a atómová fyzika  |2 stusub 
650 7 |a jadrová fyzika  |2 stusub 
700 1 |a Wilson, Edmund  |4 aut 
996 |b 284EK89347  |c E*89347  |l EE36  |s P  |a 0  |w stu289652_0001